[Event "Navarra-ch"]
[Site "Pamplona"]
[Date "2014.03.29"]
[Round "1"]
[White "Aristu Garde, Uxue"]
[Black "Gonzalez Etayo, Oihana"]
[Result "0-1"]
[WhiteElo "1462"]
[BlackElo "1791"]
[PlyCount "54"]
[EventDate "2014.03.29"]
[EventType "swiss"]
[EventRounds "8"]
[EventCountry "ESP"]
[SourceTitle "EXT 2016"]
[Source "ChessBase"]
[SourceDate "2015.10.08"]
[SourceVersion "1"]
[SourceVersionDate "2015.10.08"]
[SourceQuality "1"]

1. e4 c5 2. Nc3 d6 3. g3 Nc6 4. Bg2 g6 5. f4 Bg7 6. Nf3 a6 7. 0-0 Nf6 8. h3 e6 9. d3 Qc7 10. Be3 0-0 11. Qd2 b5 12. e5 dxe5 13. Nxe5 Bb7 14. Bxc5 Rfd8 15. Be3 Nxe5 16. Bxb7 Nc4 17. Qf2 Nxe3 18. Bxa8 Nxf1 19. Bg2 Nxg3 20. Qxg3 Nh5 21. Qh2 Nxf4 22. Rf1 Be5 23. Qh1 Qc5+ 24. Rf2 Bd4 25. Ne4 Bxf2+ 26. Nxf2 Ne2+ 27. Kf1 Ng3+ 0-1